000 00648cab a2200229 4500
001 ABS47650
008 090401t1993 xxu||||| |||| 00| 0 eng d
035 _a(Sirsi) u62826
041 _aeng
100 _aAisbett, A.
245 _aHome is where the HAT is
260 _c1993
350 _a0
490 _aHousing
_v28(10) January 1993, 38-39(2)
520 _aLooks at the history of the Housing Action Trust and the legal considerations. Provides a table of statutory provisions.
650 _aHOUSING ACT 1988
650 _aHOUSING ACTION TRUSTS
690 _aHOUSING
700 _aJackson, P.
942 _n0
948 _c04/03/1997
999 _c39025
_d39025